Κατάλογος Βιβλιοθηκών Mediterranean College

Accounting for Managers / Interpreting Accounting Information for Decision-Making: Second Edition (Record no. 3641)

MARC details
000 -LEADER
fixed length control field 01624cam a22002054a 4500
005 - ΗΜΕΡΟΜΗΝΙΑ ΚΑΙ ΩΡΑ ΤΕΛΕΥΤΑΙΑΣ ΕΝΗΜΕΡΩΣΗΣ
Πεδίο ελέγχου 20250605164121.0
008 - FIXED-LENGTH DATA ELEMENTS--GENERAL INFORMATION
Πεδίο ελέγχου σταθερού μήκους 250528s ||||||||||||||||||||||||d
035 ## - SYSTEM CONTROL NUMBER
System control number 18273
020 ## - ISBN
ISBN 470016094
040 ## - ΠΗΓΗ ΚΑΤΑΛΟΓΟΓΡΑΦΗΣΗΣ
Φορέας πρωτότυπης καταλογογράφησης MC Athens Campus Library
Γλώσσα καταλογογράφησης Ελληνικά, Μοντέρνα (1453-)
Modifying agency MC Athens Campus Library
Κανόνες περιγραφικής καταλογογράφησης AACR2
245 1# - ΤΙΤΛΟΣ ΚΑΙ ΔΗΛΩΣΗ ΥΠΕΥΘΥΝΟΤΗΤΑΣ
Τίτλος Accounting for Managers / Interpreting Accounting Information for Decision-Making: Second Edition
250 ## - EDITION STATEMENT
Edition statement 2nd
260 ## - PUBLICATION, DISTRIBUTION, ETC.
Name of publisher, distributor, etc. John Wiley & Sons, Ltd,
Date of publication, distribution, etc. 2008
300 ## - PHYSICAL DESCRIPTION
Extent 514
520 ## - SUMMARY, ETC.
Summary, etc. This book explains how accounting information is used by non-financial managers. Preface, Acknowledgements, Context of Accounting, Introduction to Accounting, Accounting and Its Relationship to Shareholder Value and Business Structure, Recording Financial Transactions and the Limitations of Accounting, Management Control and Management Accounting and Its Rational-Economic Assumptions, Interpretive and Critical Perspectives on Accounting and Decision-Making, Interpretive and Critical Perspectives on Accounting and Decision-Making, The Use of Financial Statements for Decision-Making, Constructing Financial Statements and the Framework of Accounting, Interpreting Financial Statements and Alternative Theoretical Perspectives, Interpreting Financial Statements Under International Financial Reporting Standards (IFRSs), Governance and the Operating and Financial Review (OFR): Understanding the Context of Accounting, Using Accounting Information for Decision-Making and Planning and Control, Marketing Decisions, Operating Decisions, Supporting Information, Index.
700 1# - ΠΡΟΣΘΕΤΗ ΑΝΑΓΡΑΦΗ--ΦΥΣΙΚΟ ΠΡΟΣΩΠΟ
Personal name Collier Paul M
9 (RLIN) 4549
942 ## - ADDED ENTRY ELEMENTS (KOHA)
Koha item type Books
Holdings
Τύπος τεκμηρίου Βιβλιοθήκη Τρέχουσα τοποθεσία Barcode Αριθμός εισαγωγής Ημερομηνία απόκτησης Ταξιθετικό σύμβολο Αριθμός αντιτύπου Κατάσταση απόσυρσης Κατάσταση χαμένου Κατάσταση κατεστραμμένου Μη δανεισμός Σύνολο δανεισμών Ημερομηνία τελευταίας εμφάνισης Η τιμή ισχύει από
Books MC Athens Campus Library MC Athens Campus Library 9780000036407 2849 05/06/2025 658.15/11 COL 2           05/06/2025 05/06/2025

MC Athens Campus Library
Πατησίων 94 & Κοδριγκτώνος 13, 104 34
Πελλήνης 8 & Πατησίων 107, 112 51
Τ: +30 210 8899600

MC Thessaloniki Campus Library
Ίωνος Δραγούμη 21, 54625 | Ίωνος Δραγούμη 15, 54625
Τ: +30 2310 287779 – Τ: +30 2314 440300